|
|
|
|
| LEADER |
00000nam0a2200000 4500 |
| 001 |
197334 |
| 005 |
20231031183427.0 |
| 035 |
|
|
|a (RuTPU)RU\TPU\book\215240
|
| 090 |
|
|
|a 197334
|
| 100 |
|
|
|a 20110609d1929 k y0gery50 ba
|
| 101 |
0 |
|
|a ger
|
| 102 |
|
|
|a RU
|
| 105 |
|
|
|a a z 000zy
|
| 200 |
1 |
|
|a Eisenhüttenwerke in Nadeschdinsk und Taganrog
|d Металлургические заводы в Надеждинске и Таганроге
|f I. N. Kostrow
|
| 210 |
|
|
|a Moskau
|d 1929
|
| 215 |
|
|
|a 37 s.
|c ill.
|
| 510 |
1 |
|
|a Металлургические заводы в Надеждинске и Таганроге
|z ger
|
| 610 |
1 |
|
|a металлургия
|
| 610 |
1 |
|
|a металлургические заводы
|
| 610 |
1 |
|
|a немецкий язык
|
| 610 |
1 |
|
|a Таганрог
|
| 610 |
1 |
|
|a Надеждинск
|
| 610 |
1 |
|
|a металлургические комплексы
|
| 610 |
1 |
|
|a работа
|
| 610 |
1 |
|
|a продукция
|
| 675 |
|
|
|a 669.013
|v 3
|
| 700 |
|
1 |
|a Kostrow
|b I. N.
|
| 801 |
|
1 |
|a RU
|b 63413507
|c 20110609
|
| 801 |
|
2 |
|a RU
|b 63413507
|c 20110901
|g RCR
|
| 942 |
|
|
|c BK
|